EPortfolios Im Fremdsprachenunterricht : Empirische Studien Zur Foerderung Autonomen Lernens.

Bibliographic Details
Main Author: Bellingrodt, Lena.
Format: eBook
Language:German
Published: Frankfurt a.M. : Peter Lang GmbH, Internationaler Verlag der Wissenschaften, 2011.
Edition:1st ed.
Series:KFU - Kolloquium Fremdsprachenunterricht Series
Subjects:
Online Access:Click to View
LEADER 02045nam a22003853i 4500
001 EBC30685992
003 MiAaPQ
005 20231204023231.0
006 m o d |
007 cr cnu||||||||
008 231204s2011 xx o ||||0 ger d
020 |a 9783631781562  |q (electronic bk.) 
020 |z 9783631630594 
035 |a (MiAaPQ)EBC30685992 
035 |a (Au-PeEL)EBL30685992 
035 |a (OCoLC)1397570653 
040 |a MiAaPQ  |b eng  |e rda  |e pn  |c MiAaPQ  |d MiAaPQ 
100 1 |a Bellingrodt, Lena. 
245 1 0 |a EPortfolios Im Fremdsprachenunterricht :  |b Empirische Studien Zur Foerderung Autonomen Lernens. 
250 |a 1st ed. 
264 1 |a Frankfurt a.M. :  |b Peter Lang GmbH, Internationaler Verlag der Wissenschaften,  |c 2011. 
264 4 |c ©2012. 
300 |a 1 online resource (334 pages) 
336 |a text  |b txt  |2 rdacontent 
337 |a computer  |b c  |2 rdamedia 
338 |a online resource  |b cr  |2 rdacarrier 
490 1 |a KFU - Kolloquium Fremdsprachenunterricht Series ;  |v v.44 
505 0 |a Cover -- Copyright -- Inhaltsverzeichnis -- Vorwort -- 1 Vorschau -- 2 ePortfolios und Fremdsprachenlernen: Konzept und Erfahrung -- 3 Autonomes Fremdsprachenlernen -- 4 Empirisches Vorgehen -- 5 Darstellung der Ergebnisse -- 6 Diskussion der Ergebnisse und Hypothesenbildung -- 7 Rückschau und Ausblick -- Literaturverzeichnis -- Anhang. 
588 |a Description based on publisher supplied metadata and other sources. 
590 |a Electronic reproduction. Ann Arbor, Michigan : ProQuest Ebook Central, 2023. Available via World Wide Web. Access may be limited to ProQuest Ebook Central affiliated libraries.  
655 4 |a Electronic books. 
776 0 8 |i Print version:  |a Bellingrodt, Lena  |t EPortfolios Im Fremdsprachenunterricht  |d Frankfurt a.M. : Peter Lang GmbH, Internationaler Verlag der Wissenschaften,c2011  |z 9783631630594 
797 2 |a ProQuest (Firm) 
830 0 |a KFU - Kolloquium Fremdsprachenunterricht Series 
856 4 0 |u https://ebookcentral.proquest.com/lib/matrademy/detail.action?docID=30685992  |z Click to View